000 00357nam a22001217a 4500
082 _a220 PRO
100 _aKHUBAIB ULLAH, MUHAMMAD JEHANZEB ALI, MUSTABEEN IQBAL, SAAD NASEEM
_971644
245 _aPR-SOF-1480-ECG SECURITY SYSYTEM
260 _aISLAMABAD
_bNUST COLLEGE OF EME
_c2015
650 _aDE-COMP-33
700 _aDR USMAN AKRAM
_931693
942 _cCR
999 _c578050
_d578050